Effective academic writing 1: The paragraph

Effective Academic Writing, Second Edition provides the tools necessary for successful academic writing: Step-by step Writing Process guides and refines writing skills. Timed Writing practice prepares students for success on high-stakes tests. Online Writing Tutor on Oxford Learn improves academic w...

Descrizione completa

Salvato in:
Dettagli Bibliografici
Autore principale: Savage, Alice
Natura: Libro
Lingua:Undetermined
Pubblicazione: New York Oxford University Press 2007
Soggetti:
Tags: Aggiungi Tag
Nessun Tag, puoi essere il primo ad aggiungerne! !
Thư viện lưu trữ: Trung tâm Học liệu Trường Đại học Cần Thơ
LEADER 01285nam a2200241Ia 4500
001 CTU_127643
008 210402s9999 xx 000 0 und d
082 |a 808.042076 
082 |b S263 
100 |a Savage, Alice 
245 0 |a Effective academic writing 1: 
245 4 |b The paragraph 
245 0 |c Alice Savage, Masoud Shafiei 
260 |a New York 
260 |b Oxford University Press 
260 |c 2007 
520 |a Effective Academic Writing, Second Edition provides the tools necessary for successful academic writing: Step-by step Writing Process guides and refines writing skills. Timed Writing practice prepares students for success on high-stakes tests. Online Writing Tutor on Oxford Learn improves academic writing inside and outside the classroom. Online Grammar Practice provides extra practice where and when your students need it the most. 
526 |a Đọc - Viết B1,Đọc - Viết B2.2,Nghe - Nói B2.2 
526 |b FL205,FL207,FL221 
650 |a English language,English language,English language,Academic writing 
650 |x Rhetoric,Problems, exercises, etc.,Paragraphs,Problems, exercises, etc.,Textbooks for foreign speakers.,Problems, exercises, etc. 
904 |i Minh 
980 |a Trung tâm Học liệu Trường Đại học Cần Thơ